01666cam a22003374i 4500003000900000005001700009008004100026020001500067035002700082040003300109082002000142245022900162264004600391300007400437336002100511337002500532338002300557490004700580504002800627505052800655526000901183526000901192526000801201526000801209526000801217526000801225650002301233700001801256700002801274700002601302PE-LiUPU20250731175626.0150623s r 000 0 d a0199221944 a(Sirsi) i9780199221943 aPE-LiUPUbspacPE-LiUPUerda04a492.29bS7122100aStudia Aramaica :bnew sources and new approaches. Papers delivered at the London Conference of the Institute of Jewish studies. University College London 26th-28th june 1991 /cEditado por J. C. Greenfield y M. P. Weitzman. 1aOxford :bOxford University Press,c1995. a262 páginas :bilustraciones, fotos, gráficos ;c24 centímetros atext2rdacontent aunmediated2rdamedia avolume2rdacarrier0 aJournal of Semitic Studies Supplement ;v4 aIncluye bibliografía.0 aAramaic and the Jews. -A re-examination of the Berlin Aramaic dockets. -Greek and Aramaic in plmyrene inscriptions. -Lamedh-Yodh verbs in Palestinian Targumic aramaic. Pagan incantations in aramaic magic bowls. -Combat and conflict in incantation bowls : studies on two aramaic specimens from nippur. -Les inscriptions araméennes de cheikh-fadl (Egypte). -New light on the ancient town of taima. -Cognates can be deceptive _ some aramaic distinctives. -Neue materialien zum christlich- palastinish-aramaischen lexikon I.. aP145 aP127 aP97 aP35 aP14 aP0704aArameoxCongresos.1 aGeller, M. J.1 aGreenfield, J. C.,eed.1 aWeitzman, M. P.,eed.